000 00440nam a2200181Ia 4500
005 20250330163654.0
008 250326s9999 xx 000 0 und d
020 _a9781439840160
_qhbk
041 _apbk
082 _a615.342
_bBOU
100 _aBoukraa, Laid
245 0 _aHoney In Traditional And Modern Medicine
250 _a1
260 _bCRC Press
_c2014
_aLondon
300 _a454 p.
650 _aPharmacy
942 _cENGLISH
999 _c569210
_d569210